The Beatles - Till There Was You - Statistics

General Stats
  • This quiz has been taken 55 times
  • The average score is 114 of 130
Answer Stats
Answer % Correct
A
100%
I
100%
Never
100%
The
100%
There
100%
Till
100%
Was
100%
You
100%
All
97%
At
97%
Birds
97%
But
97%
Heard
94%
Them
94%
Were
94%
And
91%
Saw
91%
Hill
88%
In
88%
No
88%
On
88%
Singing
88%
Bells
85%
Sky
85%
Me
79%
Music
79%
Ringing
79%
Around
76%
Love
76%
Roses
76%
It
73%
They
73%
Winging
73%
Wonderful
67%
Sweet
64%
Tell
61%
Of
58%
Fragrant
55%
Dawn
48%
Meadows
48%
Then
42%
Dew
33%
No matching quizzes found
Score Distribution
Percent of People with Each Score
Percentile by Number Answered
Your Score History
You have not taken this quiz